It looks like you're offline.
Open Library logo
additional options menu

MARC record from Internet Archive

LEADER: 00606cam a2200217 a 4500
001 2002023492
003 DLC
005 20090102090930.0
008 020315s2002 nyu 000 1 eng
010 $a 2002023492
020 $a089296779X
040 $aDLC$cDLC$dDLC
050 00 $aPS3573.E9$bB74 2002
082 00 $a813/.54$221
100 1 $aStark, Richard,$d1933-2008.
245 10 $aBreakout /$cRichard Stark.
260 $aNew York :$bMysterious Press,$cc2002.
300 $a299 p. ;$c20 cm.
650 0 $aParker (Fictitious character)$vFiction.
650 0 $aCriminals$vFiction.
655 7 $aSuspense fiction.$2gsafd